| 000 | 00701nam a22002057a 4500 | ||
|---|---|---|---|
| 999 |
_c20302 _d20302 |
||
| 003 | AR-CdUCM | ||
| 008 | 190528b ||||| |||| 00| 0 spa d | ||
| 040 |
_aMUNICIPALIDAD PROVINCIAL DEL CUSCO _cBIBLIOTECA MUNICIPAL DEL CUSCO |
||
| 082 |
_a530 / _bG73 _28ed. |
||
| 100 |
_aGoñi Galarza, Juan _942436 |
||
| 245 |
_aFísica general : _bCurso completo de teoría y problemas / |
||
| 260 |
_aLima : _bIngeniería, |
||
| 300 |
_a479 páginas ; _c2 cm. |
||
| 505 | _aContenido: La materia -- Ecuaciones dimensionales -- Vectores -- Mecánica -- Cinemática... | ||
| 650 |
_aFísica _92382 |
||
| 650 |
_aVectores _919475 |
||
| 650 |
_aMovimiento variado _942437 |
||
| 942 |
_2ddc _cLIBROS |
||
| 945 | _aAndy | ||